Adventures and discoveries : the autobiography of Carleton S. Coon.

Bibliographic Details
Main Author: Coon, Carleton S. (Carleton Stevens), 1904-1981
Format: Book
Language:English
Published: Englewood Cliffs, N.J. : Prentice-Hall, [1981]
Subjects:

MARC

Tag First Indicator Second Indicator Subfields
LEADER 00000pam a2200000 a 4500
001 in00000085593
005 20151008061544.0
008 810323s1981 njuac b 00110aeng
010 |a  81002746  
020 |a 0130140279 :  |c $16.95 (est.) 
035 |a (OCoLC)07328171 
035 |9 AAJ8315AM 
039 0 |a 2  |b 3  |c 3  |d 3  |e 3 
040 |a DLC  |c DLC  |d TXA  |d UtOrBLW 
043 |a n-us--- 
049 |a TXAM  |c [1561495] 
050 0 0 |a GN21.C66  |b A33 
082 0 |a 306/.092/4  |a B  |2 19 
100 1 |a Coon, Carleton S.  |q (Carleton Stevens),  |d 1904-1981. 
245 1 0 |a Adventures and discoveries :  |b the autobiography of Carleton S. Coon. 
264 1 |a Englewood Cliffs, N.J. :  |b Prentice-Hall,  |c [1981] 
264 4 |c ©1981 
300 |a xii, 404 pages :  |b illustrations, portraits ;  |c 24 cm. 
336 |a text  |b txt  |2 rdacontent 
337 |a unmediated  |b n  |2 rdamedia 
338 |a volume  |b nc  |2 rdacarrier 
504 |a Includes bibliographical references and index. 
600 1 0 |a Coon, Carleton S.  |q (Carleton Stevens),  |d 1904-1981. 
650 0 |a Anthropologists  |z United States  |v Biography. 
999 |a MARS 
999 f f |s 26a6e377-9b82-3d20-80eb-9bd901959a41  |i a4bfe015-9bae-3aa4-97dc-e894a879f9d2  |t 0 
952 f f |p ric  |a Texas A&M University  |b Rellis Campus  |c Joint Library Facility  |d Remote Storage  |t 0  |e GN21.C66 A33  |h Library of Congress classification  |i unmediated -- volume  |m A14806113971 
998 f f |a GN21.C66 A33  |t 0  |l Remote Storage